000 006460000a22002170004500
003 LK-CoMWRAF
005 20231022114633.0
008 230817t1987 ||||| |||| 00| 0 eng d
020 _a8120401972
040 _aLK-CoMWRAF
_dLK-CoMWRAF
_eLK-CoMWRAF
041 _aeng
082 _a027.573
_bGOO
100 _aGoodrum, Charles A.
245 _aThe Library of Congress
260 _aNew Delhi:
_bOxford & IBH Publishing Company,
_c1987
300 _aix, 337 p. : ill. ; 24 cm.
_bBibliography and index included
650 _aLIBRARY OF CONGRESS
650 _aLibraries-United States of America
700 _aDalrymple, Helen W.
942 _cBK
999 _c2019
_d2019